BIBLIOTECA

SENCICO

Invitación a la Geomática: (Registro nro. 4787)

Detalles MARC
000 -LEADER
fixed length control field 00858ngm a2200313 a 4500
003 - CONTROL NUMBER IDENTIFIER
control field OSt
005 - DATE AND TIME OF LATEST TRANSACTION
control field 20251020182659.0
008 - FIXED-LENGTH DATA ELEMENTS--GENERAL INFORMATION
fixed length control field 240217s9999 xx 000 0 und d
040 ## - CATALOGING SOURCE
Original cataloging agency PE SENCICO BE
040 ## - CATALOGING SOURCE
Transcribing agency PE SENCICO BE
041 ## - LANGUAGE CODE
Language code of text/sound track or separate title spa
082 ## - DEWEY DECIMAL CLASSIFICATION NUMBER
Classification number J009
245 #0 - TITLE STATEMENT
Title Invitación a la Geomática:
245 #0 - TITLE STATEMENT
Remainder of title Presentación del Instituto de Geomática, aplicaciones cartográficas y geodinámicas de radar de apertura sintética /
245 #0 - TITLE STATEMENT
Statement of responsibility, etc. Instituto de Geomática de Cataluña
260 ## - PUBLICATION, DISTRIBUTION, ETC.
Place of publication, distribution, etc. Cataluña
260 ## - PUBLICATION, DISTRIBUTION, ETC.
Name of publisher, distributor, etc. Instituto de Geomática de Cataluña
260 ## - PUBLICATION, DISTRIBUTION, ETC.
Date of publication, distribution, etc. 1999
300 ## - PHYSICAL DESCRIPTION
Extent 1 VIDEO
300 ## - PHYSICAL DESCRIPTION
Other physical details son., Col.
300 ## - PHYSICAL DESCRIPTION
Dimensions 1:10'
490 ## - SERIES STATEMENT
Series statement INFORMACION GEOGRAFICA
511 ## - PARTICIPANT OR PERFORMER NOTE
Participant or performer note Broquetas, Antonio
650 ## - SUBJECT ADDED ENTRY--TOPICAL TERM
Topical term or geographic name entry element CATALUÑA
650 ## - SUBJECT ADDED ENTRY--TOPICAL TERM
Topical term or geographic name entry element GEOMATICA
651 ## - SUBJECT ADDED ENTRY--GEOGRAPHIC NAME
Geographic name ESPAÑA
910 ## - USER-OPTION DATA (OCLC)
User-option data ila.
942 ## - ADDED ENTRY ELEMENTS (KOHA)
Koha item type Videos
Source of classification or shelving scheme Dewey Decimal Classification
Existencias
Fecha de la última vez que lo usaron Pago total Signatura topográfica completa Código de barras Precio efectivo desde Tipo de documento Estado perdido Sistema de clasificación Estado dañado No es para préstamo Retirado Ubicación permanente Ubicación actual Fecha de adquisición
23/02/2024   J009 Bib-Lima24020442 23/02/2024 Videos   Dewey Decimal Classification       Biblioteca Central Lima Biblioteca Central Lima 23/02/2024